Countries with an Official Religion Quiz Stats

 Plays Quiz not verified by Sporcle

Score 0/38 Timer 06:00
0 Plays Today
Religion Country % Correct
IslamIran
92.1%
IslamIraq
90.2%
IslamSaudi Arabia
90%
IslamEgypt
85.9%
IslamPakistan
84.7%
IslamAfghanistan
80.7%
IslamUnited Arab Emirates
79.8%
IslamYemen
79.7%
IslamOman
79.2%
IslamQatar
77%
IslamMorocco
76.4%
IslamAlgeria
74.8%
IslamJordan
74.6%
IslamLibya
74.5%
Roman CatholicismVatican City
74.4%
IslamKuwait
71.8%
IslamBahrain
69.4%
IslamTunisia
69.4%
BuddhismThailand
62.3%
Religion Country % Correct
Eastern OrthodoxGreece
59.2%
IslamMalaysia
57.3%
IslamSomalia
56.9%
IslamBangladesh
56.6%
Mahayana BuddhismBhutan
55.3%
BuddhismCambodia
54.9%
IslamMauritania
51.5%
Roman CatholicismArgentina
49.6%
Evangelical LutheranNorway
48.5%
Evangelical LutheranDenmark
47.2%
Roman CatholicismPeru
41.2%
IslamBrunei
41.1%
Evangelical LutheranIceland
39.1%
IslamMaldives
37.1%
Roman CatholicismBolivia
35.5%
Roman CatholicismMonaco
33.2%
Roman CatholicismMalta
31%
Roman CatholicismCosta Rica
26.4%
ChristianityLesotho
8%

You're not logged in!

Compare scores with friends on all Sporcle quizzes.
OR
Log In

You Might Also Like...

Show Comments

Extras

Created Oct 10, 2009ReportNominate
Tags:Country Quiz, official

Top Quizzes Today


Score Distribution

Your Account Isn't Verified!

In order to create a playlist on Sporcle, you need to verify the email address you used during registration. Go to your Sporcle Settings to finish the process.

Report this User

Report this user for behavior that violates our Community Guidelines.

Details: